| 000 | 00576nam a2200181 a 4500 | ||
|---|---|---|---|
| 001 | 3939 | ||
| 003 | CDMR | ||
| 005 | 20131213132954.0 | ||
| 008 | 130130s1972||||||||||||||||||||||||||||d | ||
| 040 |
_aCDMR _bcat _cCDMR |
||
| 100 | 1 |
_93044 _aBorrego, Andrés _d1802-1891 |
|
| 245 | 0 |
_aAndrés Borrego _b: periodismo político liberal conservador (1830-1846) _cintroducción, selección y notas de Concepción de Castro |
|
| 260 |
_aMadrid _c1972 _bMiguel Castellote |
||
| 300 | _a272 p. | ||
| 490 | 0 |
_aBolsillo Básica _v15 |
|
| 700 | 1 |
_9130 _aCastro, Concepción de |
|
| 942 |
_cMON _2udc |
||
| 999 |
_c3939 _d3939 |
||